000 01062nam a2200229Ii 4500
003 JO-AjNU
008 230605s9999||||xx |||||||||||||| ||und||
017 _a2020/7/2701
020 _a978-9923-28-064-5
040 _aJO-AjNU
_bara
_erda
_cJO-AjNU
041 _aara
050 1 4 _aHC79.S53.2022
100 3 _a الشمري، مايح شبيب، م. مشارك عدنان داود العذاري، م.مشارك حسن كريم حمزة,
_eauthor
_961540
245 0 0 _aاقتصاد المعرفة والاسس النظرية للذكاء الاقتصادي والنانوتكنولوجي
250 _aالطبعة الاولى
264 3 1 _aعمان: دار صفاء للنشر والتوزيع، 2022
300 _a385ص
_b ويحتوي على قائمة مراجع من ص383-ص385
336 _atext
_btxt
_2rdacontent
337 _aunmediated
_bn
_2rdamedia
338 _avolume
_bnc
_2rdacarrier
650 4 _aالاقتصاد المعرفي-الذكاء الاقتصادي- تكنولوجيا النانو- التنمية الاقتصادية
_961541
999 _aA27822
_c31390
_d31390